000 00628nam a2200205Ia 4500
008 191130s2010##################000#0#eng##
020 _a9780755360543
040 _aACL
_cACL
082 _a330.9730932
100 _aPaulson, Henry M
245 _aHank Paulson
_cHenry M Paulson
260 _aLondon
_bBusiness Plus
_c2010
300 _axiv, 458 p., [16] p. of plates : ill
650 _aGlobal Financial Crisis, 2008-2009
650 _aPaulson, Henry M., -- 1946-
650 _aUnited States. -- Dept. of the Treasury -- Biography
990 _ae163a126ac10000c774f2b812d3f997c
991 _a121870
999 _c201478
_d201478